000 00523nam a2200169Ia 4500
008 140527s9999 xx 000 0 und d
020 _a9789712356834
050 _aHG 4016.P6
_b.An15 2010
100 _aAnastacio, Ma. Flordeliza
245 _aFundamentals of financial management (with industry-based perspective) /
_cMa. FlordelizaAnastacio.
260 _aManila :
_bRex Book Store,
_cc2010.
300 _a214 p. :
_c25 cm.
500 _aIncludes index.
521 _aBSBA
942 _kLOC
_cBK
999 _c117526
_d117526